Определение оптимального по потребляемой мощности режима работы червячной машины при переработке резиновой смеси; Химия и химическая технология на рубеже тысячелетий

Dades bibliogràfiques
Parent link:Химия и химическая технология на рубеже тысячелетий.— 2004.— [С. 264-265]
Autor principal: Буртелов Л. В.
Altres autors: Горбунов В. И. Владимир Иванович, Татарников А. А. Анатолий Алексеевич
Sumari:Заглавие с титульного листа
Электронная версия печатной публикации
Idioma:rus
Publicat: 2004
Matèries:
Accés en línia:http://www.lib.tpu.ru/fulltext/v/Conferences/2004/K01/41183.pdf
Format: Electrònic Capítol de llibre
KOHA link:https://koha.lib.tpu.ru/cgi-bin/koha/opac-detail.pl?biblionumber=219480

MARC

LEADER 00000naa2a2200000 4500
001 219480
005 20260203163019.0
035 |a (RuTPU)RU\TPU\book\239546 
035 |a RU\TPU\book\239545 
090 |a 219480 
100 |a 20120709d2004 k y0rusy50 ca 
101 0 |a rus 
102 |a RU 
135 |a drnn ---uucaa 
181 0 |a i  
182 0 |a b 
200 1 |a Определение оптимального по потребляемой мощности режима работы червячной машины при переработке резиновой смеси  |f Л. В. Буртелов, В. И. Горбунов, А. А. Татарников 
203 |a Текст  |c электронный 
215 |a 1 файл (305 Кб) 
300 |a Заглавие с титульного листа 
300 |a Электронная версия печатной публикации 
337 |a Adobe Reader 
463 1 |0 (RuTPU)RU\TPU\book\74583  |t Химия и химическая технология на рубеже тысячелетий  |o материалы III Всероссийской научной конференции, Томск, 2-4 сентября 2004 г.  |f Российское химическое общество им. Д. И. Менделеева; Химия и химическая технология на рубеже тысячелетий. Всероссийская научная конференция; Российская Академия естествознания; Администрация Томской области; ООО "Томскнефтехим"; ЗАО "Метанол"; Томский политехнический университет  |v [С. 264-265]  |d 2004 
610 1 |a червячные машины 
610 1 |a режим работы 
610 1 |a мощность 
610 1 |a оптимизация 
610 1 |a резиновые смеси 
610 1 |a переработка 
610 1 |a электронный ресурс 
610 1 |a труды учёных ТПУ 
700 1 |a Буртелов  |b Л. В. 
701 1 |a Горбунов  |b В. И.  |c российский ученый, физик  |c Заслуженный профессор Томского политехнического университета  |f 1929-2008  |g Владимир Иванович  |3 (RuTPU)RU\TPU\pers\19778 
701 1 |a Татарников  |b А. А.  |c российский ученый, специалист в области материаловедения  |c доцент Томского политехнического университета, кандидат технических наук  |f 1927-2009  |g Анатолий Алексеевич  |3 (RuTPU)RU\TPU\pers\25834 
801 1 |a RU  |b 63413507  |c 20120529 
801 2 |a RU  |b 63413507  |c 20120709  |g RCR 
856 4 |u http://www.lib.tpu.ru/fulltext/v/Conferences/2004/K01/41183.pdf 
942 |c CF